| 000 | 00527nam a22001577a 4500 | ||
|---|---|---|---|
| 999 |
_c532463 _d532463 |
||
| 020 | _qHard Cover. | ||
| 082 | _a658 | ||
| 100 | _aKhan, Hamza Wazir. | ||
| 245 |
_aThe Consumer Evaluation of Brand Extension: A Perspective of Multinational vs Local Players _b"Pepsi Co. vs. Gourmet" _cHamza Wazir Khan. |
||
| 260 |
_aIslamabad: _bNBS - NUST, _c2015. |
||
| 300 |
_bill. ; _c30cm. |
||
| 942 |
_2ddc _cTHE |
||
| 650 |
_aMBA-Thesis. _917629 |
||
| 700 |
_aBilal Chauhan. _925978 |
||